Forensic science international
| Previous Title: | Forensic science (Online) |
|---|---|
| Format: | Electronic Journal |
| Language: | English French German |
| Published: |
Lausanne :
Elsevier Sequoia,
[1978]-
|
| Subjects: | |
| Online Access: | Full text available from Research Library: 02/07/1997 to 12/31/1998 Full text available from Research Library: 01/01/2001 to 2 months ago |
MARC
| LEADER | 00000nas a2200000 a 4500 | ||
|---|---|---|---|
| 001 | ssj0005526 | ||
| 003 | WaSeSS | ||
| 005 | 20200512172242.0 | ||
| 006 | m d | ||
| 007 | cr n | ||
| 008 | 980401c19789999ne x pss 0 0eng c | ||
| 010 | |a 2010219169 |z 2008263027 | ||
| 015 | |a GBB560730 |2 bnb | ||
| 016 | 7 | |a 7902034 |2 DNLM | |
| 016 | 7 | |a F10650000 |2 DNLM | |
| 016 | 7 | |a 2006235-7 |2 DE-600 | |
| 016 | 7 | |a 7902034 |2 dnlm | |
| 016 | 7 | |a F10650000 |2 dnlm | |
| 016 | 7 | |a 012433024 |2 Uk | |
| 022 | |a 1872-6283 |l 0379-0738 |y 0379-0738 | ||
| 030 | |a FSINDR | ||
| 035 | |a (WaSeSS)ssj0005526 | ||
| 040 | |a OH1 |b eng |c OH1 |d OCL |d OCLCQ |d TXA |d CUD |d U9S |d CLU |d OCLCQ |d W2U |d AUD |d Z5A |d OCLCQ |d NOC |d SERSO |d DLC |d OCLCQ |d OPELS |d OCLCF |d COO |d OCLCO |d OCLCQ |d OCLCO |d OCLCQ |d NLE |d BUF |d U3W |d MOW |d FQM |d AU@ |d OCLCO |d WYU |d UKMGB |d VT2 |d OCLCO |d OCL |d OCLCO |d OCLCA |d WaSeSS | ||
| 041 | 0 | |a eng |a fre |a ger |b eng | |
| 042 | |a pcc | ||
| 050 | 1 | 4 | |a RA1001 |b .F65 |
| 060 | 0 | 0 | |a W1 |b FO615I |
| 082 | 0 | 4 | |a 614/.19 |
| 130 | 0 | |a Forensic science international (Online) | |
| 222 | 0 | |a Forensic science international |b (Online) | |
| 245 | 1 | 0 | |a Forensic science international |h [electronic resource]. |
| 246 | 1 | 3 | |a FSI |f <2009-> |
| 260 | |a Lausanne : |b Elsevier Sequoia, |c [1978]- | ||
| 310 | |a Irregular, |b 1991- | ||
| 321 | |a Bimonthly, |b 1978-1983 | ||
| 321 | |a Monthly, |b 1984-1990 | ||
| 362 | 1 | |a Began with: Vol. 12, no. 1 (July/Aug. 1978). | |
| 500 | |a An international journal dedicated to the applications of science to the administration of justice. | ||
| 500 | |a Published: Amsterdam : Elsevier, <2009-> | ||
| 506 | |a License restrictions may limit access. | ||
| 515 | |a Some numbers issued in combined form. | ||
| 546 | |a English, French, or German with summaries in English. | ||
| 580 | |a Beginning in 2007, articles about forensic genetics published in daughter journal: Forensic science international: Genetics. | ||
| 588 | |a Description based on first issue; title PDF article running title (ScienceDirect, viewed Jan. 4, 2008). | ||
| 588 | |a Latest issue consulted: Vol. 190, issue 1/3 (10 Sept. 2009) (viewed Aug. 3, 2009). | ||
| 650 | 0 | |a Medical jurisprudence |v Periodicals. | |
| 650 | 0 | |a Chemistry, Forensic |v Periodicals. | |
| 650 | 6 | |a Médecine légale |v Périodiques. | |
| 650 | 6 | |a Chimie légale |v Périodiques. | |
| 650 | 7 | |a Chemistry, Forensic. |2 fast |0 (OCoLC)fst00853484 | |
| 650 | 7 | |a Medical jurisprudence. |2 fast |0 (OCoLC)fst01014258 | |
| 650 | 1 | 7 | |a Gerechtelijke geneeskunde. |2 gtt |
| 650 | 1 | 7 | |a Gerechtelijke chemie. |2 gtt |
| 650 | 1 | 7 | |a Gerechtelijke psychiatrie. |2 gtt |
| 650 | 2 | |a Forensic Medicine. | |
| 650 | 2 | |a Forensic Medicine |v Periodicals. | |
| 655 | 0 | |a Electronic journals. | |
| 776 | 0 | 8 | |i Print version: |t Forensic science international |x 0379-0738 |w (DLC) 79641782 |w (OCoLC)4590488 |
| 780 | 0 | 0 | |t Forensic science (Online) |w (DLC) 2008263026 |w (OCoLC)60639572 |
| 787 | 1 | |t Forensic science international. Genetics |w (DLC) 2008263028 |w (OCoLC)86110336 | |
| 856 | 4 | 0 | |z Full text available from Research Library: 02/07/1997 to 12/31/1998 |u https://search.proquest.com/publication/1226354 |
| 856 | 4 | 0 | |z Full text available from Research Library: 01/01/2001 to 2 months ago |u https://search.proquest.com/publication/1226354 |